Roces Constitucionales del Tratado de Libre Comercio entre República Dominicana, Centroamérica y Estados Unidos/Universidad de Costa Rica /
محفوظ في:
| مؤلف مشترك: | |
|---|---|
| التنسيق: | كتاب |
| اللغة: | Spanish |
| منشور في: |
San José, Costa Rica :
UCR,
[Fecha de publicación no identificado]
|
| الموضوعات: | |
| الوسوم: |
إضافة وسم
لا توجد وسوم, كن أول من يضع وسما على هذه التسجيلة!
|
MARC
| LEADER | 00000nam a2200000Ia 4500 | ||
|---|---|---|---|
| 008 | 180904b cr ||||| |||| 00| | spa d | ||
| 999 | |c 2046 |d 2046 | ||
| 090 | |a 09.05.08 |b 1431 | ||
| 110 | |a Universidad de Costa Rica |9 585 | ||
| 245 | 1 | 0 | |a Roces Constitucionales del Tratado de Libre Comercio entre República Dominicana, Centroamérica y Estados Unidos/Universidad de Costa Rica / |c Universidad de Costa Rica |
| 260 | |a San José, Costa Rica : |b UCR, |c [Fecha de publicación no identificado] | ||
| 300 | |a 53 páginas | ||
| 650 | 1 | 4 | |a TRATADO DE LIBRE COMERCIO |9 2810 |
| 650 | 1 | 4 | |a ESTADO |9 17 |
| 650 | 1 | 4 | |a SALUD |9 268 |
| 650 | 1 | 4 | |a LEGISLACIÓN DEL TRABAJO |9 1365 |
| 650 | 1 | 4 | |a TELECOMUNICACIONES |9 2862 |
| 650 | 1 | 4 | |a AGRICULTURA |9 2541 |
| 650 | 1 | 4 | |a MERCADOS |
| 650 | 1 | 4 | |a SEGUROS |9 3124 |
| 650 | 1 | 4 | |a MEDIO AMBIENTE |9 792 |
| 651 | 4 | |a AMÉRICA CENTRAL |9 457 | |
| 651 | 4 | |a REPÚBLICA DOMINICANA |9 458 | |
| 651 | 4 | |a ESTADOS UNIDOS |9 372 | |
| 942 | |i 002193 |h 09.05.08 1431 |2 z |c 01 | ||
